000 00620nam a2200229Ia 4500
003 OSt
005 20220918201815.0
006 a|||||r|||| 00| 0
007 ta
008 220917b |||||||| |||| 00| 0 eng d
024 _a96,599
037 _cTextual
040 _aARTS
_cARTS
_beng
041 _2eng
_aeng
082 _aV2:21wLHA, A
100 _aMoostujab Khan
_9100783
245 0 _aLife of Hafizeol Meeklk Hafiz Rehmut Khan tr from the Persian by Charles Elliott
260 _c1800
650 _aHISTORY
942 _hV2:21wLHA, A
_cTEXL
_2CC
999 _c220208
_d220208